| 000 -LEADER |
| fixed length control field |
00830nam a2200241Ia 4500 |
| 001 - CONTROL NUMBER |
| control field |
6858 |
| 003 - CONTROL NUMBER IDENTIFIER |
| control field |
GE_BSU |
| 005 - DATE AND TIME OF LATEST TRANSACTION |
| control field |
20230804172815.0 |
| 008 - FIXED-LENGTH DATA ELEMENTS--GENERAL INFORMATION |
| fixed length control field |
181216s1989||||ru |||||||||||||| ||rus|| |
| 020 ## - INTERNATIONAL STANDARD BOOK NUMBER |
| International Standard Book Number |
5724502569. |
| 040 ## - CATALOGING SOURCE |
| Transcribing agency |
GE_BSU |
| 041 ## - LANGUAGE CODE |
| Language code of text/sound track or separate title |
rus |
| 080 ## - UNIVERSAL DECIMAL CLASSIFICATION NUMBER |
| Universal Decimal Classification number |
547(075.32) П-64 |
| 100 ## - MAIN ENTRY--PERSONAL NAME |
| Personal name |
Потапов, В. М. |
| 9 (RLIN) |
19611 |
| 245 ## - TITLE STATEMENT |
| Title |
Органическая химия : |
| Remainder of title |
Учебник для техникумов / |
| Statement of responsibility, etc. |
В. М. Потапов, С. Н. Татаринчик. |
| 250 ## - EDITION STATEMENT |
| Edition statement |
4-е изд.перераб.и доп. |
| 264 ## - PRODUCTION, PUBLICATION, DISTRIBUTION, MANUFACTURE, AND COPYRIGHT NOTICE |
| Place of production, publication, distribution, manufacture |
Москва : |
| Name of producer, publisher, distributor, manufacturer |
Химия, |
| Date of production, publication, distribution, manufacture, or copyright notice |
1989. |
| 300 ## - PHYSICAL DESCRIPTION |
| Extent |
448 стр. : |
| Other physical details |
ил. ; |
| Dimensions |
20 cm. |
| 653 ## - INDEX TERM--UNCONTROLLED |
| keyword |
Органическая химия |
| 653 ## - INDEX TERM--UNCONTROLLED |
| keyword |
Учебник для техникумов |
| 700 ## - ADDED ENTRY--PERSONAL NAME |
| Personal name |
Татаринчик,С.Н. |
| Titles and other words associated with a name |
Автор |
| 9 (RLIN) |
19612 |
| 942 ## - ADDED ENTRY ELEMENTS (KOHA) |
| Koha item type |
წიგნი |
| Source of classification or shelving scheme |
|